| 000 | 00853nam a2200265Ia 4500 | ||
|---|---|---|---|
| 001 | Z_110 | ||
| 003 | CHAP | ||
| 005 | 20221010115203.0 | ||
| 008 | 220113s9999 xx 000 0 und d | ||
| 010 | _a163078 | ||
| 040 | _cCHAP | ||
| 090 | _aR-2 | ||
| 100 |
_aBiennial symposium on Animal Reproduction (15: 1981: Raleigh, North Carolina) _9137310 |
||
| 245 |
_a[Proceedings] / _ced. by E. M. Convey |
||
| 260 | _a | ||
| 500 | _aSobretiro de: The Journal of animal science. 55: 1-67, 1982 | ||
| 650 |
_aGanaderÃa _xCongresos _944677 |
||
| 650 |
_aGanado _xEfecto del medio ambiente _944907 |
||
| 650 |
_aGanado _xReproducción I. American Society of Animal Science II. North Carolina State University III. Convey, E. M. ed. _9137311 |
||
| 901 | _aR-2 | ||
| 902 | _aM | ||
| 910 | _a | ||
| 942 |
_cFOLL _2local |
||
| 942 |
_cFOLL _2local |
||
| 999 |
_c163078 _d163078 |
||